00539nam a22001817a 4500999001900000003000500019020001400024038001400038082001800052100001800070245004100088260004300129300001300172880001500185880004400200942001200244952010100256 c526574d526574NUST qPaperback aM. Shaban a891.4913bJAN aJinder917585 aTusien nahien samjh sakdai /cJinder aLahore :bScheet Publications,c1998.  a126 p. ; 6جِندر 6تُسیں نہیں سمجھ سکدے / 2ddccBK 00102ddc4070aCLbCLcPLITd2019-07-13l0o891.4913 JANpCL-E-506r2019-07-13w2019-07-13yBK